000 00410nam a22001337a 4500
008 140908b xxu||||| |||| 00| 0 eng d
022 _a00245488
050 _aKD1815.A2.L57(1974 vol.2)
245 _aLloyod's Law Reports (1974 vol. 2). /
_cedited by M.M.D'Souza
260 _aLondon:
_bLloyd's of London Press,
_c1974.
300 _avii,644p.:
_c24cm.
440 _pLlyod's Law Reports.
_vvol.2
942 _2lcc
_cBK
999 _c4505
_d12005